[Event "Peterborough 4NCL Easter op-A"]
[Site "Peterborough"]
[Date "2024.03.31"]
[Round "4"]
[White "Mize, Dylan"]
[Black "Ward, Cian"]
[Result "1/2-1/2"]
[WhiteElo "1870"]
[BlackElo "1815"]
[PlyCount "99"]
[EventDate "2024.03.29"]
[EventType "swiss"]
[EventRounds "7"]
[EventCountry "ENG"]
[SourceTitle "CB14_2024"]
[SourceDate "2024.04.01"]
[SourceVersion "1"]
[SourceVersionDate "2024.04.01"]
[SourceQuality "1"]

1. d4 e6 2. Nf3 Nf6 3. Bg5 d5 4. Nbd2 Be7 5. e3 c5 6. c3 Nc6 7. Bd3 0-0 8. 0-0 Re8 9. Qe2 Qc7 10. dxc5 e5 11. e4 dxe4 12. Nxe4 Nd7 13. b4 f5 14. Bc4+ Kh8 15. Nh4 Nf8 16. Bxe7 Rxe7 17. Nd6 g6 18. Nf3 e4 19. Ng5 Ne5 20. Bd5 Kg7 21. Qe3 h6 22. Nh3 Ne6 23. Nf4 Nxf4 24. Qxf4 Rb8 25. Qg3 b6 26. Nxc8 Rxc8 27. cxb6 axb6 28. Rac1 Rd8 29. Bb3 Rd3 30. Qh4 g5 31. Qh5 Rxc3 32. Rxc3 Qxc3 33. h4 Qd2 34. Rd1 Qf4 35. hxg5 Qxg5 36. Qxg5+ hxg5 37. Rd6 Rb7 38. a4 Ng4 39. Kf1 f4 40. Bd5 Ra7 41. Bb3 Rb7 42. Be6 Nf6 43. Ke2 Ra7 44. Bb3 Rb7 45. Rc6 Ng4 46. Re6 e3 47. fxe3 Nxe3 48. g3 Nf5 49. Kd3 fxg3 50. Re2 1/2-1/2

[Event "Coventry op"]
[Site "Coventry"]
[Date "2023.02.18"]
[Round "1"]
[White "Ward, Cian"]
[Black "Turner, Lewis A"]
[Result "0-1"]
[WhiteElo "1458"]
[BlackElo "1833"]
[PlyCount "106"]
[EventDate "2023.02.18"]
[EventType "swiss"]
[EventRounds "5"]
[EventCountry "ENG"]
[SourceTitle "CBM 212 Extra"]
[Source "ChessBase"]
[SourceDate "2023.03.31"]
[SourceVersion "1"]
[SourceVersionDate "2023.03.31"]
[SourceQuality "1"]

1. e4 c5 2. c3 d5 3. exd5 Qxd5 4. d4 g6 5. Be3 cxd4 6. cxd4 Nf6 7. Nc3 Qa5 8. Bc4 Bg7 9. Nf3 0-0 10. 0-0 a6 11. a4 Qb4 12. Qb3 Qxb3 13. Bxb3 Nc6 14. Nd5 Nxd5 15. Bxd5 Nb4 16. Bb3 Bf5 17. Bd2 Nc2 18. Bxc2 Bxc2 19. Rfc1 Rac8 20. Bc3 Bb3 21. Bb4 Bf6 22. Rc3 Bd5 23. Ne5 Rxc3 24. bxc3 Bxe5 25. dxe5 Re8 26. a5 e6 27. f4 Rc8 28. Rd1 Kg7 29. Kf2 Rc4 30. Rd4 Rc6 31. g4 b6 32. c4 Bxc4 33. Rd8 f5 34. Rd7+ Kg8 35. Rd8+ Kf7 36. Rd7+ Ke8 37. Re7+ Kd8 38. axb6 Rxb6 39. Ba5 Kxe7 40. Bxb6 fxg4 41. Ke1 Kd7 42. Kd2 Kc6 43. Bf2 Kd5 44. Kc3 Bb5 45. Kb2 Ke4 46. Bg3 h5 47. Ka2 Kf5 48. Kb2 g5 49. fxg5 Kxg5 50. Kc3 h4 51. Be1 g3 52. hxg3 h3 53. Bd2+ Kg4 0-1

[Event "ENG-ch U12"]
[Site "Torquay"]
[Date "2022.08.11"]
[Round "6"]
[White "Ward, Cian"]
[Black "Hariharan, Shambavi"]
[Result "0-1"]
[WhiteElo "1431"]
[BlackElo "1529"]
[PlyCount "84"]
[EventDate "2022.08.08"]
[EventType "swiss"]
[EventRounds "7"]
[EventCountry "ENG"]
[SourceTitle "EXT 2023"]
[Source "ChessBase"]
[SourceDate "2022.10.05"]
[SourceVersion "1"]
[SourceVersionDate "2022.10.05"]
[SourceQuality "1"]

1. e4 c6 2. d4 d5 3. exd5 cxd5 4. Bd3 Nc6 5. c3 Qc7 6. Ne2 Bg4 7. f3 Bh5 8. Bf4 Qb6 9. Qb3 Qxb3 10. axb3 e6 11. Nd2 Nf6 12. 0-0 Bg6 13. Bxg6 hxg6 14. Ra2 Kd7 15. b4 b5 16. Nb3 Bd6 17. Bxd6 Kxd6 18. Rfa1 Rhb8 19. Nc5 Nd7 20. Nxd7 Kxd7 21. Nf4 g5 22. Nd3 Kd6 23. Ra6 Kc7 24. Ne5 Nxe5 25. Rxa7+ Rxa7 26. Rxa7+ Kb6 27. Re7 Nd3 28. Rxf7 Ra8 29. h3 Ra7 30. Rf8 Re7 31. Rb8+ Kc6 32. Kf1 Nxb2 33. Ke2 Nc4 34. Ra8 e5 35. dxe5 Rxe5+ 36. Kf2 Nb2 37. Ra1 Na4 38. Rc1 Kd6 39. g3 Ke6 40. f4 gxf4 41. gxf4 Rf5 42. Kf3 g5 0-1

[Event "ENG-ch U12"]
[Site "Torquay"]
[Date "2022.08.10"]
[Round "4"]
[White "Ward, Cian"]
[Black "Grose, Kameron"]
[Result "0-1"]
[WhiteElo "1431"]
[BlackElo "1515"]
[PlyCount "128"]
[EventDate "2022.08.08"]
[EventType "swiss"]
[EventRounds "7"]
[EventCountry "ENG"]
[SourceTitle "EXT 2023"]
[Source "ChessBase"]
[SourceDate "2022.10.05"]
[SourceVersion "1"]
[SourceVersionDate "2022.10.05"]
[SourceQuality "1"]

1. e4 c5 2. c3 d5 3. exd5 Qxd5 4. d4 g6 5. Nf3 Bg7 6. dxc5 Qxc5 7. Be3 Qc7 8. Nbd2 Nh6 9. Nb3 Nf5 10. Bd2 Nc6 11. Qc1 0-0 12. Bd3 Ne5 13. Nxe5 Qxe5+ 14. Kf1 Rd8 15. Be2 b6 16. Bf3 Ba6+ 17. Kg1 Rac8 18. g3 Qc7 19. Kg2 Rd3 20. Be2 Bb7+ 21. f3 Qc6 22. Rf1 Rd7 23. Kg1 Rcd8 24. Qe1 a5 25. Rd1 Qa4 26. Nc1 Qc2 27. Bf4 Rxd1 28. Bxd1 Qxb2 29. Ne2 e5 30. Bc1 Qxa2 31. Qf2 Qe6 32. g4 Ne7 33. Ba3 Bf8 34. Re1 Nc8 35. Bxf8 Kxf8 36. Qh4 Qe7 37. Qxh7 Qf6 38. Qh6+ Kg8 39. Ng3 Qf4 40. Qxf4 exf4 41. Ne4 Kg7 42. Bc2 Bxe4 43. Bxe4 Rd6 44. c4 Na7 45. Rc1 Rd7 46. Rb1 Rd6 47. Rc1 Rd7 48. Rb1 Nc8 49. Ra1 Rc7 50. Rc1 Nd6 51. Bd5 b5 52. c5 Nc4 53. c6 Kf6 54. Rb1 Nd6 55. Kf2 Ke5 56. Be4 Nxe4+ 57. fxe4 b4 58. Rc1 Kd6 59. Ra1 Ra7 60. Ke2 Kxc6 61. Kd3 Kb5 62. h4 f6 63. g5 fxg5 64. hxg5 Rd7+ 0-1

[Event "Hammersmith CC op"]
[Site "London"]
[Date "2022.06.05"]
[Round "5"]
[White "Garnett, John S"]
[Black "Ward, Cian"]
[Result "1-0"]
[WhiteElo "1954"]
[BlackElo "1774"]
[PlyCount "85"]
[EventDate "2022.06.04"]
[EventType "swiss"]
[EventRounds "6"]
[EventCountry "ENG"]
[SourceTitle "CBM 208 Extra"]
[Source "ChessBase"]
[SourceDate "2022.07.31"]
[SourceVersion "1"]
[SourceVersionDate "2022.07.31"]
[SourceQuality "1"]

1. d4 d5 2. c4 c6 3. Nf3 Nf6 4. Nc3 dxc4 5. a4 Bf5 6. Ne5 e6 7. Nxc4 Bb4 8. Qb3 a5 9. e3 0-0 10. Bd2 Nbd7 11. Be2 Qc7 12. 0-0 Ng4 13. Bxg4 Bxg4 14. f3 Bh5 15. e4 Bg6 16. Be3 Rab8 17. Ne2 b5 18. axb5 cxb5 19. Nd2 Rbc8 20. Rfc1 Qb7 21. Nf1 Rxc1 22. Rxc1 Rc8 23. Qd1 a4 24. Bd2 Bxd2 25. Qxd2 Rc7 26. Rxc7 Qxc7 27. Qb4 Qb6 28. Ne3 h6 29. Nc3 e5 30. Ned5 Qxd4+ 31. Qxd4 exd4 32. Nxb5 d3 33. Kf2 Kf8 34. Ke3 f5 35. Nf4 Bh7 36. Nxd3 fxe4 37. fxe4 Nb6 38. Nc3 Bg8 39. Kd4 Bb3 40. Nc5 Ke7 41. Nxb3 axb3 42. Nd5+ Nxd5 43. Kxd5 1-0

[Event "Hammersmith CC op"]
[Site "London"]
[Date "2022.06.05"]
[Round "4"]
[White "Ward, Cian"]
[Black "Georgiev, Ivan Georgiev"]
[Result "0-1"]
[WhiteElo "1774"]
[BlackElo "2010"]
[PlyCount "96"]
[EventDate "2022.06.04"]
[EventType "swiss"]
[EventRounds "6"]
[EventCountry "ENG"]
[SourceTitle "CBM 208 Extra"]
[Source "ChessBase"]
[SourceDate "2022.07.31"]
[SourceVersion "1"]
[SourceVersionDate "2022.07.31"]
[SourceQuality "1"]

1. e4 c5 2. c3 Nf6 3. e5 Nd5 4. d4 cxd4 5. cxd4 e6 6. Nc3 Nxc3 7. bxc3 b6 8. Nf3 Bb7 9. Bd3 Be7 10. Qc2 h6 11. Be3 d5 12. a4 Nc6 13. 0-0 Qc7 14. Rac1 Na5 15. c4 dxc4 16. Bxc4 Qxc4 17. Qxc4 Nxc4 18. Rxc4 Ba6 19. Rc7 Bxf1 20. Kxf1 Bb4 21. Bd2 Bxd2 22. Nxd2 0-0 23. Ke2 Rfc8 24. Rxc8+ Rxc8 25. Kd3 Kf8 26. Nc4 Ke7 27. f4 g6 28. g4 h5 29. g5 Rc6 30. Kc3 a6 31. Kb4 h4 32. h3 Kd7 33. Nd6 Rxd6 34. exd6 Kxd6 35. Kc4 Kc6 36. Kd3 Kd5 37. Kc3 Ke4 38. Kc4 Kxf4 39. d5 exd5+ 40. Kxd5 b5 41. a5 Kxg5 42. Kc5 f5 43. Kb6 b4 44. Kxa6 b3 45. Ka7 b2 46. Ka8 b1Q 47. a6 Qa2 48. a7 Qxa7+ 0-1

[Event "Hammersmith CC op"]
[Site "London"]
[Date "2022.06.04"]
[Round "2"]
[White "Ward, Cian"]
[Black "Duda, Lucas"]
[Result "0-1"]
[WhiteElo "1774"]
[BlackElo "1972"]
[PlyCount "112"]
[EventDate "2022.06.04"]
[EventType "swiss"]
[EventRounds "6"]
[EventCountry "ENG"]
[SourceTitle "CBM 208 Extra"]
[Source "ChessBase"]
[SourceDate "2022.07.31"]
[SourceVersion "1"]
[SourceVersionDate "2022.07.31"]
[SourceQuality "1"]

1. e4 e5 2. Nf3 Nc6 3. d4 exd4 4. Nxd4 Nf6 5. Nc3 Bb4 6. Nxc6 bxc6 7. Bd3 d5 8. exd5 cxd5 9. Qe2+ Qe7 10. Bb5+ Bd7 11. Bxd7+ Kxd7 12. Qxe7+ Kxe7 13. 0-0 Bxc3 14. bxc3 Kd7 15. Re1 Rhe8 16. Be3 a5 17. Bd4 Re6 18. Rad1 Kd6 19. f4 c5 20. Be5+ Kc6 21. Bxf6 gxf6 22. a4 Rae8 23. Kf2 Re4 24. g3 R8e6 25. Rxe4 Rxe4 26. Ra1 Rc4 27. Ra3 Kd6 28. Ke3 Ke6 29. h3 h5 30. g4 h4 31. Rb3 Re4+ 32. Kf3 Rc4 33. Ke3 Rxa4 34. Rb5 Re4+ 35. Kf3 Rc4 36. Rb3 a4 37. Ra3 Kd6 38. Ke2 Rxf4 39. Ke3 Re4+ 40. Kd3 Ke5 41. Ra1 f5 42. gxf5 Kxf5 43. Rf1+ Rf4 44. Ra1 Rf3+ 45. Ke2 Rxh3 46. Rxa4 Rxc3 47. Rxh4 Rxc2+ 48. Kd3 Ra2 49. Rh5+ Ke6 50. Rh8 Ra3+ 51. Kd2 Ke5 52. Rh5+ f5 53. Rh8 c4 54. Re8+ Kd4 55. Kd1 Kd3 56. Kc1 c3 0-1

[Event "EU-ch Schools U11"]
[Site "Rhodes"]
[Date "2022.04.27"]
[Round "7"]
[White "Ward, Cian"]
[Black "Steiners, Emils"]
[Result "0-1"]
[WhiteElo "1367"]
[BlackElo "1731"]
[PlyCount "92"]
[EventDate "2022.04.21"]
[EventType "swiss"]
[EventRounds "9"]
[EventCountry "GRE"]
[SourceTitle "CBM 208 Extra"]
[Source "ChessBase"]
[SourceDate "2022.07.31"]
[SourceVersion "1"]
[SourceVersionDate "2022.07.31"]
[SourceQuality "1"]

1. e4 c5 2. c3 Nf6 3. e5 Nd5 4. d4 e6 5. c4 Nb6 6. d5 exd5 7. cxd5 d6 8. Bb5+ Bd7 9. Bxd7+ Qxd7 10. exd6 Bxd6 11. Qe2+ Qe7 12. Qxe7+ Bxe7 13. Nc3 0-0 14. Bf4 Rd8 15. 0-0-0 Bd6 16. Bxd6 Rxd6 17. Nb5 Rd7 18. Nc3 Na6 19. Nf3 f6 20. Rd2 Rad8 21. Re1 Kf7 22. Rde2 Nb4 23. Kb1 N6xd5 24. Nxd5 Nxd5 25. g3 Nb4 26. b3 b5 27. a3 Nd3 28. Rd1 c4 29. bxc4 bxc4 30. Rc2 Rb7+ 31. Ka1 Rb3 32. Ka2 Nb4+ 33. axb4 Rxd1 34. Nd2 Rxb4 35. Nxc4 Kg6 36. h4 Rd4 37. Ne3 Rd6 38. Nc4 Ra6+ 39. Na3 Rba4 40. Rc3 Rxa3+ 41. Rxa3 Rxa3+ 42. Kxa3 Kf5 43. f3 Ke5 44. Kb4 Kd4 45. Kb5 Ke3 46. Ka6 Kxf3 0-1

[Event "London Mill Hill op U2400"]
[Site "London"]
[Date "2022.03.26"]
[Round "1"]
[White "Ward, Cian"]
[Black "Kumar, Sanjit S"]
[Result "0-1"]
[WhiteElo "1364"]
[BlackElo "1769"]
[PlyCount "40"]
[EventDate "2022.03.26"]
[EventType "swiss"]
[EventRounds "5"]
[EventCountry "ENG"]
[SourceTitle "EXT 2024"]
[Source "ChessBase"]
[SourceDate "2023.10.10"]
[SourceVersion "1"]
[SourceVersionDate "2023.10.10"]
[SourceQuality "1"]

1. e4 e6 2. d4 d5 3. exd5 exd5 4. Nf3 Nf6 5. Bd3 Bd6 6. 0-0 0-0 7. c3 h6 8. Be3 Bg4 9. Nbd2 Re8 10. Qc2 Nbd7 11. h3 Bxf3 12. Nxf3 Ne4 13. Nd2 Ndf6 14. Nxe4 dxe4 15. Bc4 c6 16. g3 Nd5 17. Bxd5 cxd5 18. Bf4 f5 19. Bxd6 Qxd6 20. a4 f4 0-1

[Event "ENG-ch U10"]
[Site "Milton Keynes"]
[Date "2021.10.03"]
[Round "6"]
[White "Ward, Cian"]
[Black "Hariharan, Shambavi"]
[Result "1-0"]
[WhiteElo "1375"]
[BlackElo "858"]
[PlyCount "110"]
[EventDate "2021.10.02"]
[EventType "swiss"]
[EventRounds "7"]
[EventCountry "ENG"]
[SourceTitle "EXT 2023"]
[Source "ChessBase"]
[SourceDate "2022.10.05"]
[SourceVersion "1"]
[SourceVersionDate "2022.10.05"]
[SourceQuality "1"]

1. e4 c6 2. d4 d5 3. exd5 cxd5 4. Bd3 Nc6 5. c3 Qc7 6. Nf3 Nf6 7. h3 g6 8. Nbd2 Bf5 9. Nb3 Bxd3 10. Qxd3 e6 11. Bd2 Ne4 12. Ng5 Nxd2 13. Nxd2 Be7 14. Ngf3 h5 15. Nb3 b6 16. Qb5 a6 17. Qe2 b5 18. a3 Qb6 19. Ne5 Qc7 20. Nxc6 Qxc6 21. Qe5 0-0 22. g4 f6 23. Qe3 h4 24. Nd2 g5 25. Nb3 a5 26. Nd2 b4 27. axb4 axb4 28. 0-0 bxc3 29. bxc3 Rxa1 30. Rxa1 Rc8 31. Re1 Kf7 32. Nf3 Qd7 33. Qd3 Kg8 34. Qg6+ Kh8 35. Qf7 Rc6 36. Kg2 Rd6 37. Nd2 Rb6 38. Re2 Qd6 39. c4 dxc4 40. Ne4 Qd8 41. Re1 Ra6 42. Qg6 Rb6 43. Nc3 Rb3 44. Re3 Qa8+ 45. d5 exd5 46. Rxe7 d4+ 47. Ne4 Rg3+ 48. Kh2 Rxh3+ 49. Kxh3 Qa3+ 50. Kg2 Qxe7 51. Qh6+ Kg8 52. Qg6+ Kh8 53. Nxf6 Qb7+ 54. Kh2 Qc7+ 55. Kg1 Qb7 1-0

[Event "ENG-ch U10"]
[Site "Milton Keynes"]
[Date "2021.10.02"]
[Round "1"]
[White "Murawski, Jan"]
[Black "Ward, Cian"]
[Result "1-0"]
[WhiteElo "1108"]
[BlackElo "1375"]
[PlyCount "71"]
[EventDate "2021.10.02"]
[EventType "swiss"]
[EventRounds "7"]
[EventCountry "ENG"]
[SourceTitle "EXT 2023"]
[Source "ChessBase"]
[SourceDate "2022.10.05"]
[SourceVersion "1"]
[SourceVersionDate "2022.10.05"]
[SourceQuality "1"]

1. d4 d5 2. Nf3 Nf6 3. Bf4 c6 4. e3 Bf5 5. c4 Qb6 6. Qb3 Qxb3 7. axb3 Nbd7 8. Nc3 e6 9. c5 Ne4 10. b4 Nxc3 11. bxc3 Nf6 12. Nd2 Kd7 13. b5 Ne4 14. Nxe4 Bxe4 15. f3 Bg6 16. h4 h5 17. Ra5 Be7 18. bxc6+ bxc6 19. Ba6 Bd8 20. Ra2 Bc7 21. Bb7 Rab8 22. Rxa7 Bxf4 23. exf4 Rhf8 24. 0-0 Kc7 25. Ba8+ Kd8 26. Bxc6 Rc8 27. Rd7+ Ke8 28. Bb5 Rh8 29. Ra1 Kf8 30. Raa7 Kg8 31. Ba6 Rf8 32. c6 Bf5 33. c7 e5 34. Rd8 Kh7 35. Raa8 Bd7 36. Rxf8 1-0